000 00386nam a22001337a 4500
008 140611b xxu||||| |||| 00| 0 eng d
050 _aPR4681.F38 1968
100 _aFido, Martin
_910802
245 _aCharles Dickens
_cMartin Fido
260 _aLondon
_bRoutledge and Kegan Paul
_c1968
300 _aviii, 119p. ;
_c19cm.
600 _aDickens, Charles
_910803
942 _2lcc
_cMONOGRAPH
999 _c120693
_d120693